| 000 | 00777nam a22002297a 4500 | ||
|---|---|---|---|
| 999 |
_c15692 _d15692 |
||
| 003 | MIRAKIL | ||
| 005 | 20240320163008.0 | ||
| 008 | 240320b tu ||||| |||| 00| 0 tur d | ||
| 020 | _a9789751622037 | ||
| 040 |
_aTR-AnCHP _cTR-AnCHP |
||
| 041 | _atur | ||
| 082 |
_a815.2 _bY44t 2019 |
||
| 100 | _aYılmaz, Özlem Deniz | ||
| 245 | 1 | 0 |
_aTürkiye Türkçesinde eylemsi / _cÖzlem Deniz Yılmaz. |
| 260 |
_aAnkara : _bTürk Dil Kurumu Yayınları, _c2019 |
||
| 300 |
_a202 s. ; _c24 cm. |
||
| 490 | 0 |
_aAtatürk Kültür Dil ve Tarih Yüksek Kurumu Türk Dil Kurumu yayınları ; _v988. |
|
| 504 | _aKaynakça: 178-187. ss | ||
| 650 | 0 |
_97716 _aTürk dili |
|
| 856 | _zDijital Nüshası için Partimizin Kütüphane Sorumlusu ile iletişime geçiniz. | ||
| 942 |
_2ddc _cBKS |
||